Matematika predškoláka

Bibliographic Details
Main Authors: Nováček, Miroslav (Author), Lumtzer, Juraj (Author)
Other Authors: Muriňák, František (Illustrator)
Format: Book
Language:Slovak
PhysicalDescription:33 s. ilustr. 30 cm
Published: Košice NOMI 1997
ISBN:8096765132
Subjects:

MARC

LEADER 00000nam a2200000 a 4500
001 vtls001321664
003 SK-MaSNL
005 20260301005433.0
008 240318s1997 xo a r slo
015 |a SNBA1998/06-02077 
020 |a 8096765132 
035 |a SNK000274323 
035 |a urn:nbn:sk:snk-amlpiu 
035 |a urn:nbn:sk:snk-am00c3jo 
035 |a 7FAF8052-8DF7-4474-85D3-D7D4BCE6574A 
040 |a SNK  |b slo  |c SNK  |e AACR2 
041 0 |a slo 
044 |a xo  |c SK 
080 |a 372.47:372.3(076.5)  |2 1981 
080 |a 372.3  |2 1981 
100 1 |a Nováček, Miroslav  |4 aut  |9 46022 
245 1 0 |a Matematika predškoláka  |c [autori: Miroslav Nováček, Juraj Lumtzer ; ilustroval: František Muriňák] 
260 |a Košice  |b NOMI  |c 1997 
300 |a 33 s.  |b ilustr.  |c 30 cm 
500 |a Údaj o aut. a ilustr. prevzatý z obalu 
650 0 7 |a matematika  |x školy materské  |x zošity pracovné  |2 SNK  |9 289739 
655 7 |a príručky  |2 SNK  |9 74364 
700 1 |a Lumtzer, Juraj  |4 aut  |9 45408 
700 1 |a Muriňák, František  |4 ill  |9 45940 
919 |a 80-967651-3-2 
958 |a TL 
958 |a BQ 
999 |c 545170  |d 547100 
952 |t P60, <09>, [BOOK], {629}  |a SNK  |b SNK  |y NEVYP  |7 0  |o snkB 66  |i snk308/980223  |0 0  |1 0  |4 0  |d 1998-02-20  |l 0  |r 2005-01-02 00:00:00  |w 2026-02-23 
952 |t P60, <03>, [BOOK], {603}  |a SNK  |b SNK  |y PREZ  |7 0  |p 17A0122969  |o snkSB 58301  |i snkKSP 1836/98  |0 0  |1 0  |4 0  |d 1998-02-20  |f 1  |l 0  |r 2025-04-09 00:00:00  |w 2026-02-23 
952 |t P60, <04>, [BOOK], {604}  |a SNK  |b SNK  |y VYP  |7 0  |p 17A0122970  |o snkSB 58301 D1  |i snkKSP 1837/98  |0 0  |1 0  |4 0  |d 1998-02-20  |l 0  |r 2005-01-02 00:00:00  |w 2026-02-23